Normal view
MARC view
- الطاهات، محمدعبد الله
Entry Personal Name
001 - CONTROL NUMBER
- control field: 57551
003 - CONTROL NUMBER IDENTIFIER
- control field: JO-AjAnu
005 - DATE AND TIME OF LATEST TRANSACTION
- control field: 20230606083426.0
008 - FIXED-LENGTH DATA ELEMENTS
- fixed length control field: 230606|| aca||aabn | a|a d
040 ## - CATALOGING SOURCE
- Original cataloging agency: JO-AjAnu
- Transcribing agency: JO-AjAnu
100 ## - HEADING--PERSONAL NAME
- Personal name: الطاهات، محمدعبد الله
670 ## - SOURCE DATA FOUND
- Source citation: Work cat.: (JO-AjAnu)29366: الطاهات، محمدعبد الله , author, ابتسامة في وجة الفجر الجديد